Coptic Literature : proceedings of the Ninth International Symposium of Coptic Studies by the Saint Mark Foundation : Monastery of St. Bishoi (Wadi al-Natrum), 10-14 February, 2019

محفوظ في:

مؤلف مشترك: International Symposium of Coptic Studies (9th : 2019 : Cairo)

مؤلفون آخرون: Moawad, Samuel (المحرر)

التنسيق: وقائع المؤتمر كتاب

اللغة: English

منشور في: Cairo : Saint Mark Foundation, 2022.

الموضوعات:

الوسوم: إضافة وسم

لا توجد وسوم, كن أول من يضع وسما على هذه التسجيلة!

رقم الطلب: BX133.3 .I584 2019

LEADER 00803nam a22001937a 4500
005 20260205093553.0
008 260205t2022 ua a 000 0 eng d
020 |a 9789779432595 (hardbound) 
040 |c ARCE Library 
050 1 4 |a BX133.3  |b .I584 2019 
111 2 |a International Symposium of Coptic Studies (9th : 2019 : Cairo), 
245 0 0 |a Coptic Literature :   |b proceedings of the Ninth International Symposium of Coptic Studies by the Saint Mark Foundation : Monastery of St. Bishoi (Wadi al-Natrum), 10-14 February, 2019 
260 |a Cairo :   |b Saint Mark Foundation,   |c 2022. 
300 |a xxii, 393 pages :   |b illustrations ;   |c 22 cm. 
500 |a International proceedings. 
610 2 0 |a Coptic Church   |x History   |v Congresses. 
700 1 |a Moawad, Samuel,   |e editor 
942 |2 lcc  |c BK 
999 |c 52717  |d 52717